| 000 | 00424nam a2200157Ia 4500 | ||
|---|---|---|---|
| 008 | 210716s2011 xx 000 0 und d | ||
| 020 | _a9788180548147 | ||
| 041 | _aeng | ||
| 082 | _a658.4038 PRAL | ||
| 100 | _aPrasad, L M;Prasad, Usha. | ||
| 245 | _aManagement information systems | ||
| 250 | _a1 | ||
| 260 |
_aNew Delhi _bSulthan Chand and Sons _c2011 |
||
| 300 | _axiv,617 | ||
| 650 | _aManagement Information Systems | ||
| 999 |
_c208524 _d208524 |
||